Информационные технологии: электронный курс

Bibliografische gegevens
Hoofdauteur: Вичугова А. А. Анна Александровна
Coauteur: Национальный исследовательский Томский политехнический университет (ТПУ) Институт кибернетики (ИК) Кафедра автоматики и компьютерных систем (АИКС)
Samenvatting:Заглавие с экрана
Настоящий электронный курс по дисциплине "Информационные технологии" для подготовки бакалавров по направлению 09.03.02. (230400) Информационные системы и технологии" содержит следующие разделы: Общая информация. Обязательные материалы для изучения. Дополнительные материалы. Оценивающие мероприятия. Курс поддерживает модель обучения аудиторную форму и онлайн-режим, т.е. обучение с веб-поддержкой, представленные материалы являются базой для внеаудиторной самостоятельной работы студентов.
Доступ по логину и паролю
Taal:Russisch
Gepubliceerd in: Томск, TPU Moodle, 2015
Onderwerpen:
Online toegang:https://design.lms.tpu.ru/course/view.php?id=715
Formaat: Elektronisch Boek
KOHA link:https://koha.lib.tpu.ru/cgi-bin/koha/opac-detail.pl?biblionumber=651733

MARC

LEADER 00000nlm0a2200000 4500
001 651733
005 20231102025819.0
035 |a (RuTPU)RU\TPU\network\16995 
035 |a RU\TPU\network\16994 
090 |a 651733 
100 |a 20161121d2015 m y0rusy50 ca 
101 0 |a rus 
102 |a RU 
105 |a a j 000zy 
135 |a jrcn ---uucaa 
181 0 |a i  
182 0 |a b 
200 1 |a Информационные технологии  |e электронный курс  |f А. А. Вичугова  |g Национальный исследовательский Томский политехнический университет (ТПУ), Институт кибернетики (ИК), Кафедра автоматики и компьютерных систем (АИКС) 
203 |a Текст  |c электронный 
210 |a Томск  |c TPU Moodle  |d 2015 
230 |a Электрон. дан. 
300 |a Заглавие с экрана 
330 |a Настоящий электронный курс по дисциплине "Информационные технологии" для подготовки бакалавров по направлению 09.03.02. (230400) Информационные системы и технологии" содержит следующие разделы: Общая информация. Обязательные материалы для изучения. Дополнительные материалы. Оценивающие мероприятия. Курс поддерживает модель обучения аудиторную форму и онлайн-режим, т.е. обучение с веб-поддержкой, представленные материалы являются базой для внеаудиторной самостоятельной работы студентов. 
333 |a Доступ по логину и паролю 
606 1 |a Информационные технологии  |x Вычислительная техника  |2 stltpush  |3 (RuTPU)RU\TPU\subj\36205  |9 57667 
610 1 |a электронный ресурс 
610 1 |a труды учёных ТПУ 
610 1 |a электронное обучение 
610 1 |a электронные курсы ТПУ 
610 1 |a информационные системы 
610 1 |a бизнес-моделирование 
610 1 |a обучение 
610 1 |a самостоятельная работа 
610 1 |a электронные учебные пособия 
610 1 |a учебные пособия 
675 |a 004(075.8)  |v 3 
700 1 |a Вичугова  |b А. А.  |c специалист в области информатики и вычислительной техники  |c ассистент Томского политехнического университета  |f 1986-  |g Анна Александровна  |2 stltpush  |3 (RuTPU)RU\TPU\pers\28982 
712 0 2 |a Национальный исследовательский Томский политехнический университет (ТПУ)  |b Институт кибернетики (ИК)  |b Кафедра автоматики и компьютерных систем (АИКС)  |h 125  |2 stltpush  |3 (RuTPU)RU\TPU\col\18698 
801 2 |a RU  |b 63413507  |c 20220121  |g RCR 
856 4 |u https://design.lms.tpu.ru/course/view.php?id=715 
942 |c CF